Pays d'Afrique par les deux dernières lettres - Statistiques

Statistiques générales
  • Ce quiz a été pris 773 fois
  • Le résultat moyen est 27 sur 54
Réponses sur la Carte
Les réponses sont colorées sur une échelle allant du rouge au vert en fonction du pourcentage des utilisateurs qui les ont devinées à leur premier essai. Vous pouvez retrouver ces pourcentages ci-dessous.
 
Statistiques - réponses
Pays % Correct
Algérie
92%
Éthiopie
92%
Gambie
92%
Mauritanie
92%
Namibie
92%
Somalie
92%
Tanzanie
92%
Tunisie
92%
Zambie
92%
Maroc
87%
Soudan du Sud
84%
Égypte
83%
Libye
69%
République Démocratique du Congo
68%
République du Congo
68%
Togo
68%
Afrique du Sud
66%
Soudan
64%
Mali
61%
Sénégal
60%
Madagascar
58%
République Centrafricaine
58%
Liberia
52%
Nigeria
52%
Niger
51%
Burkina Faso
49%
Érythrée
47%
Guinée
47%
Tchad
46%
Mozambique
44%
Botswana
43%
Ghana
43%
Angola
39%
Côte d'Ivoire
34%
Gabon
33%
Kenya
32%
Cameroun
30%
Ouganda
28%
Rwanda
28%
Bénin
26%
Eswatini
26%
Sierra Leone
25%
Cap-Vert
24%
Lesotho
24%
Comores
23%
Seychelles
23%
Djibouti
22%
Guinée Équatoriale
21%
Zimbabwe
19%
Malawi
18%
Guinée-Bissau
17%
Maurice
17%
Burundi
16%
Sao Tomé-et-Principe
16%
Aucun quiz correspondant
Distribution des résultats
% des personnes avec chaque résultat
Percentile par nombre de réponses
Votre historique - résultats
Vous n’avez pas pris ce quiz